CALL ME IF YOU GET LOST - Tyler, The Creator - Statistics

General Stats
  • This quiz has been taken 17 times
  • The average score is 13 of 24
Answer Stats
Songs Plays Artists % Correct
SWEET / I THOUGHT YOU WANTED TO DANCE 381,829,719 Tyler, The Creator, Fana Hues, Brent Faiyaz
93%
LEMONHEAD 132,119,753 Tyler, The Creator, 42 Dugg
73%
WUSYANAME 434,262,107 Tyler, The Creator, YoungBoy Never Broke Again, Ty Dolla $ign
73%
CORSO 133,656,911 Tyler, The Creator
67%
HOT WIND BLOWS 170,188,275 Tyler, The Creator, Lil Wayne
67%
LUMBERJACK 167,038,697 Tyler, The Creator
67%
MASSA 86,162,247 Tyler, The Creator
60%
RISE! 69,670,081 Tyler, The Creator, DAISY WORLD
60%
WILSHIRE 98,181,738 Tyler, The Creator
60%
BOYFRIEND, GIRLFRIEND (2020 Demo) 40,798,136 Tyler, The Creator, YG
53%
DOGTOOTH 199,314,102 Tyler, The Creator
53%
JUGGERNAUT 168,605,474 Tyler, The Creator, Pharrell Williams, Lil Uzi Vert
53%
RUNITUP 92,144,599 Tyler, The Creator, Teezo Touchdown
53%
SAFARI 66,181,630 Tyler, The Creator
53%
SIR BAUDELAIRE 102,016,772 Tyler, The Creator, DJ Drama
53%
SORRY NOT SORRY 138,025,172 Tyler, The Creator
53%
WHARF TALK 69,525,565 Tyler, The Creator, A$AP Rocky
53%
HEAVEN TO ME 35,079,926 Tyler, The Creator
47%
MANIFESTO 61,998,273 Tyler, The Creator, Domo Genesis
47%
BLESSED 47,828,990 Tyler, The Creator
40%
EVERYTHING MUST GO 108,897 Tyler, The Creator
40%
STUNTMAN 30,302,217 Tyler, The Creator, Vince Staples
40%
MAMA TALK 31,009,255 Tyler, The Creator
33%
WHAT A DAY 44,768,488 Tyler, The Creator
33%
No matching quizzes found
Score Distribution
Percent of People with Each Score
Percentile by Number Answered
Your Score History
You have not taken this quiz